| 000 | 00908nam a2200253 i 4500 | ||
|---|---|---|---|
| 001 | 89044 | ||
| 003 | ES-MaACL | ||
| 005 | 20240131174351.0 | ||
| 007 | t| | ||
| 008 | 050125s2004 sp a |||| |dspa d | ||
| 020 | _a84-8373-603-9 | ||
| 080 | _a73:929 Chillida, Eduardo (0:791.43) | ||
| 080 | _a791.43 | ||
| 100 | 1 |
_aChillida, Susana. _938520 |
|
| 245 | 1 | 0 |
_aChillida, el arte y los sueños _b: memoria de las filmaciones con mi padre / _cSusana Chillida ; traducción de María de Calonje. |
| 260 |
_aBilbao : _bUniversidad del País Vasco, Servicio Editorial = Euskal Herriko Unibertsitatea, Argitalpen Zerbitzua, _c[2004] |
||
| 300 |
_a252 p. : _bil. ; _c24 cm. |
||
| 504 | _aBibliografía: p. 245-247. | ||
| 504 | _aFilmografía: p. 249. | ||
| 600 | 1 | 4 |
_aChillida, Eduardo, _d1924-2002 _938518 |
| 700 | 1 |
_aCalonje, María de. _933781 |
|
| 852 |
_aES-MaACL _jL-28660 |
||
| 999 |
_c89044 _d89044 |
||